|
|
|
|
| LEADER |
00000nam0a2200000 4500 |
| 001 |
358325 |
| 005 |
20231102011101.0 |
| 035 |
|
|
|a (RuTPU)RU\TPU\retro\15593
|
| 090 |
|
|
|a 358325
|
| 100 |
|
|
|a 20200814d1878 m y0rusy50 ca
|
| 101 |
0 |
|
|a rus
|
| 102 |
|
|
|a RU
|
| 105 |
|
|
|a a z 000zy
|
| 200 |
1 |
|
|a О тепловой энергии. Очерк основных идей термодинамики
|f В. Минин
|
| 210 |
|
|
|a Москва
|c Типография К. Индриха
|d 1876
|
| 215 |
|
|
|a 100 с.
|c ил.
|
| 300 |
|
|
|a Текст в русской дореформенной орфографии
|
| 606 |
1 |
|
|a Теплота
|x (физика)
|2 stltpush
|3 (RuTPU)RU\TPU\subj\59806
|9 77304
|
| 610 |
1 |
|
|a тепловая энергия
|
| 610 |
1 |
|
|a сохранение
|
| 610 |
1 |
|
|a температура
|
| 610 |
1 |
|
|a сжиженные газы
|
| 610 |
1 |
|
|a термодинамика
|
| 610 |
1 |
|
|a термохимия
|
| 610 |
1 |
|
|a солнечная энергия
|
| 610 |
1 |
|
|a библиотека А. Э. Сабека
|
| 675 |
|
|
|a 536.1
|v 4
|
| 700 |
|
1 |
|a Минин
|b В.
|
| 801 |
|
1 |
|a RU
|b 63413507
|c 20200814
|
| 801 |
|
2 |
|a RU
|b 63413507
|c 20201014
|g RCR
|
| 942 |
|
|
|c BK
|